01062nam a22002892a 450000100060000000300080000600500170001400800410003103500190007204000270009104100080011808200240012624501130015026000450026330000290030850400310033750400200036865000440038865000300043265000330046283000180049570000300051383000490054394200120059299900170060495201510062127951BD-RjUL20211209051224.0140329s1973 ii a b 001 0 eng d a(BD-RjUL)28032 aDLCcDLCdBD-RjULbeng aeng00a759.95414bPAT 197314aThe patas and the Patuas of Bengal /cEdited with an introd. by Sankar Sen Gupta. Foreword: Niharranjan Ray. aCalcutta :bIndian Publications,cc1973. a144 p. :bill. ;c25 cm. aBibliography: p. [127]-140 aIncludes index. 0aPatas (Art)zIndiazWest Bengal.985730 0aPainting, Bengali.985731 0aJuang (Indic people).985732 0vno. 209857371 aGupta, Sankar Sen.985734 0aIndian publications folklore series ;928389 2ddccBK c27951d27951 00102ddc40728NFICaRUCLbRUCLcReadingd1976-06-07eK. P. Bagchi & Co.g25.00l0o759.95414 PAT 1973r2014-03-29 00:00:00tC-1w2014-03-29yBK